000
00295nam a2200109 a 4500
005
20201002034514.0
008
130911s1999 000 spa d
020
_a
8487265936
245
0
_a
Primeras Vanguardias ArtÃsticas : Textos y Documentos.
260
_a
Barcelona,
_c
1999.
999
_c
40444
_d
40444
040
_a
DO-SdBNP